000 00601cab a2200241 4500
001 ABS60297
008 090401t1999 xxu||||| |||| 00| 0 eng d
035 _a(Sirsi) u92431
041 _aeng
100 _aKreitzmann, L.
245 _aShop around the clock
260 _c1999
350 _a0
490 _aBookseller
_v(4865) 26 March 1999, 36-38(2)
650 _a24-HOUR SOCIETY
650 _aBOOKSELLERS
650 _aBOOKSHOPS
650 _aCUSTOMER NEEDS
650 _aSUNDAY OPENING
690 _aPROPERTY-COMMERCIAL PROPERTY-RETAIL PROPERTY
942 _n0
948 _c30/03/1999
999 _c58595
_d58595